000 004420000a22001810004500
003 MACL
005 20160122162029.0
008 160122b xxu||||| |||| 00| 0 eng d
040 _aMACL
_cMACL
041 _aEnglish
082 _a551.432/AHL
100 _aAhluwalia, H P S
_934153
245 _aThe Everest Within
260 _bHemkunt
_c2001
_aNew Delhi
350 _a300
650 _aEarth Science
_95772
942 _cBK
_k551.432/ahl
_2ddc
999 _c32048
_d32048